Statistiques concernant Blue lock : 1ère Sélection

Cliquez ici pour prendre le quiz!

Statistiques générales

  • Ce quiz a été pris 16 fois
  • Le résultat moyen est 12 sur 17

Statistiques - réponses

Réponse% Correct
1G 5ABachira
100%
10GBaro
100%
3GKunigami
100%
10G 3ANagi
100%
6G 5AReo
100%
2G 2AIsagi
92%
2GChigiri
85%
4G 1ANiko
77%
3G 1AKuon
69%
6G 1AZantetsu
69%
1GGagamaru
62%
1ARaichi
54%
6G 1AJunichi
38%
4G 3AKeisuke
38%
2GOkawa
38%
1AIgarashi
23%
1GHaato Meiji
8%

Distribution des résultats

Percentile par nombre de réponses

% des personnes avec chaque résultat

Votre développement - résultats

Vous n’avez pas pris ce quiz